000 00508nam a22001697a 4500
999 _c9148
_d9148
008 210325b ||||| |||| 00| 0 eng d
040 _aBMS College of Architecture
100 _aC, Reena
245 _aNational Institute of design Bangalore
300 _a79p.
500 _a1BM05AT036
502 _8B.Arch
_NBMS College of Architecture, Visvesvaraya Technological University
_aProject report
_d2010
650 _aInstitute
700 _aK Manjula
_eGuide
700 _aPushpa D
_eGuide
942 _2ddc
_cTHE